| 000 | 01518nam a2200385 c 4500 | ||
|---|---|---|---|
| 999 |
_c50805 _d50805 |
||
| 003 | BLK | ||
| 005 | 20231111143625.0 | ||
| 008 | 180408b bul|||||r ||||||| ||bul|| | ||
| 010 | _aKNG00054687000 | ||
| 040 | _aBLK | ||
| 041 |
_aBUL _cBUL |
||
| 080 |
_aИстория на Гърция (до 323 г. н. е.). Древна Гърция _b94(38) _z94(38) |
||
| 080 |
_aКласическа гръцка литература. Старогръцка литература _b821.142 _x-32 _z821.142-32 |
||
| 100 | 1 |
_aХеродот _eпърви автор _9136859 |
|
| 139 |
_aХеродот _bХ 43 |
||
| 245 | 1 | 0 |
_aИсторически новели _cХеродот; прев. от старогр. Доротей Гетов. |
| 257 | _aDRG | ||
| 260 |
_bНар. култура _c1982 _aСофия |
||
| 300 |
_a151 с. _bс к. _c20 см |
||
| 380 | _aX | ||
| 490 | 1 | _aБиблиотека за антична литература Хермес | |
| 500 | _aПрев. е направен от англ. изд. Historiae, 1976. - 40 125 тир. | ||
| 650 | 4 |
_aДревна Гърция - история _9244549 |
|
| 653 | _aДревна Гърция | ||
| 653 | _aистория | ||
| 700 | 1 |
_aГетов, Доротей _eпрев. от старогр. _9283466 |
|
| 852 |
_aЦб 117109 _bЦб |
||
| 856 | 4 | _qpdf | |
| 856 | 4 | _qpdf | |
| 942 |
_cKNG _n0 _05 _s1 |
||
| 944 |
_aCR _c13.07.2005 _k30530 _lМинев Младен |
||
| 944 |
_aED _c07.02.2018 |
||
| 944 |
_aED _c2022-04-27 |
||
| 999 | _d50805 | ||